| 000 | 00478nam a2200157 a 4500 | ||
|---|---|---|---|
| 001 | 000031790 | ||
| 005 | 20200930063201.0 | ||
| 008 | 110706s2005 pr a 000 0 spa d | ||
| 040 |
_aDO-SdBNP _bspa _cBNPHU |
||
| 082 |
_axxx _bA473 |
||
| 100 | 1 |
_aÁlvarez Bravo, Armando _958011 |
|
| 245 | 1 | 0 |
_aTrópico infinito de Guillo Pérez / _cArmando Álvarez Bravo. |
| 260 |
_aSan Juan, Puerto Rico : _bMuseo de las Americas, _c2005. |
||
| 300 |
_a20 p. : _bil. ; _c22 cm. |
||
| 049 | _aBNPD | ||
| 999 |
_c31282 _d31282 |
||